书目信息 |
| 题名: |
SMA路面设计与施工
|
|
| 作者: | 余叔藩 编著 | |
| 分册: | ||
| 出版信息: | 北京 人民交通出版社 2002.8 |
|
| 页数: | 219页 | |
| 开本: | 21cm | |
| 丛书名: | ||
| 单 册: | ||
| 中图分类: | U416.214 | |
| 科图分类: | ||
| 主题词: | 碎石--路面--设计 , 碎石--路面--工程施工 , 路面 , 工程施工 | |
| 电子资源: | ||
| ISBN: | 7-114-04290-6 | |
| 000 | 00710nam0 2200253 45 | |
| 001 | 012004000000 | |
| 005 | 20050119090111.23 | |
| 010 | @a7-114-04290-6@dCNY 16.00 | |
| 100 | @a20040920d2002 em y0chiy0121 ea | |
| 101 | 0 | @achi |
| 102 | @aCN@b110000 | |
| 105 | @aak z 000yy | |
| 200 | 1 | @aSMA路面设计与施工@ASMA lu mian she ji yu shi gong@f余叔藩编著 |
| 210 | @a北京@c人民交通出版社@d2002.8 | |
| 215 | @a219页@c图, 表格@d21cm | |
| 320 | @a本书含附录与参考文献 | |
| 606 | 0 | @a碎石@x路面@x设计 |
| 606 | 0 | @a碎石@x路面@x工程施工 |
| 606 | 0 | @a路面 |
| 606 | 0 | @a工程施工 |
| 690 | @aU416.214@v4 | |
| 701 | 0 | @a余叔藩@Ayu shu pan@4编著 |
| 801 | 0 | @aCN@bQSSKlw@c20050119 |
| 905 | @a10447@dU416.214@eY765 | |
| SMA路面设计与施工/余叔藩编著.-北京:人民交通出版社,2002.8 |
| 219页:图, 表格;21cm |
| ISBN 7-114-04290-6:CNY 16.00 |
| ● |
| 相关链接 |
|
|
|
正题名:SMA路面设计与施工
索取号:U416.214/Y765
 
预约/预借
| 序号 | 登录号 | 条形码 | 馆藏地/架位号 | 状态 | 备注 |
| 1 | 438827 | 204388279 | 自科库501/501自科库 53排2列4层/ [索取号:U416.214/Y765] | 在馆 | |
| 2 | 438828 | 204388288 | 土木与交通工程学院资料室/土木与交通学院资料室 1排1列1层/ [索取号:U416.214/Y765] | 在馆 |